000
00294nam a2200121Ia 4500
005
20251222141912.0
008
251222s9999||||xx |||||||||||||| ||spa||
082
_a
985.03/M22
100
_a
Manrique, Nelson
245
0
_a
Conquista y Orden Colonial
264
_b
Derrama Magisterial
942
_c
LIB
999
_c
8413
_d
8413